Ngôn ngữ báo chí
Sách tập hợp một số bài giảng, bài viết về ngôn ngữ sử dụng trong viết báo của nhà nghiên cứu nhà báo Nguyễn Tri Niên
Αποθηκεύτηκε σε:
| Κύριος συγγραφέας: | |
|---|---|
| Μορφή: | Βιβλίο |
| Γλώσσα: | Undetermined |
| Έκδοση: |
Đồng Nai
Tổng hợp Đồng Nai
2003
|
| Θέματα: | |
| Ετικέτες: |
Προσθήκη ετικέτας
Δεν υπάρχουν, Καταχωρήστε ετικέτα πρώτοι!
|
| Thư viện lưu trữ: | Trung tâm Học liệu Trường Đại học Cần Thơ |
|---|
| LEADER | 00734nam a2200205Ia 4500 | ||
|---|---|---|---|
| 001 | CTU_56705 | ||
| 008 | 210402s9999 xx 000 0 und d | ||
| 020 | |b 15000 | ||
| 082 | |a 808.06607 | ||
| 082 | |b N305 | ||
| 100 | |a Nguyễn Tri Niên | ||
| 245 | 0 | |a Ngôn ngữ báo chí | |
| 245 | 0 | |c Nguyễn Tri Niên | |
| 260 | |a Đồng Nai | ||
| 260 | |b Tổng hợp Đồng Nai | ||
| 260 | |c 2003 | ||
| 520 | |a Sách tập hợp một số bài giảng, bài viết về ngôn ngữ sử dụng trong viết báo của nhà nghiên cứu nhà báo Nguyễn Tri Niên | ||
| 650 | |a Journalism,Rhetoric | ||
| 650 | |x Editing | ||
| 980 | |a Trung tâm Học liệu Trường Đại học Cần Thơ | ||